[Event "Benidorm 2005 - sub2300"]
[Site "Benidorm ESP"]
[Date "2005.11.11"]
[Round "1.1"]
[White "Pallardo Lozoya, Jose Vicente"]
[Black "Torres Samper, Rafael"]
[Result "1-0"]
[WhiteElo "2298"]
[BlackElo "2111"]
[PlyCount "83"]
[EventDate "2005.11.11"]
[EventType "swiss"]
[EventRounds "9"]
[EventCountry "ESP"]
[Source "lmi"]
[SourceDate "2005.11.11"]

1. e4 c5 2. Nf3 d6 3. d4 cxd4 4. Nxd4 Nf6 5. Nc3 a6 6. f3 e6 7. Be3 d5 8. e5
Nfd7 9. f4 Qb6 10. Rb1 Nc6 11. Qd2 Nxd4 12. Bxd4 Qc7 13. b4 Nb6 14. Bd3 Bd7 15.
O-O Nc4 16. Qf2 Be7 17. f5 Nxe5 18. Qg3 Bd6 19. Kh1 Rc8 20. Nxd5 exd5 21. Rbe1
O-O 22. Bxe5 Bxe5 23. Rxe5 f6 24. Rxd5 Qxg3 25. hxg3 Bc6 26. Rd4 Rfe8 27. Bc4+
Kf8 28. Be6 Rcd8 29. Rfd1 Ke7 30. c3 Rxd4 31. cxd4 Kd6 32. d5 Bb5 33. Rc1 Re7
34. Rc8 Rc7 35. Rd8+ Ke7 36. Rg8 Kd6 37. Kh2 Bc4 38. a3 Bd3 39. Rd8+ Ke5 40. d6
Rc6 41. d7 Bxf5 42. Bxf5 1-0

[Event "Benidorm 2005 - sub2300"]
[Site "Benidorm ESP"]
[Date "2005.11.11"]
[Round "1.2"]
[White "Muelli, Thomas"]
[Black "Peña, Alfredo"]
[Result "0-1"]
[WhiteElo "2110"]
[BlackElo "2291"]
[PlyCount "66"]
[EventDate "2005.11.11"]
[EventType "swiss"]
[EventRounds "9"]
[EventCountry "ESP"]
[Source "lmi"]
[SourceDate "2005.11.11"]

1. d4 Nf6 2. Nf3 g6 3. Bg5 Bg7 4. Nbd2 O-O 5. e4 d6 6. c3 h6 7. Bh4 e5 8. dxe5
dxe5 9. Bc4 Nbd7 10. h3 g5 11. Bg3 Nh5 12. Bh2 Nf4 13. Bxf4 gxf4 14. Qc2 c6 15.
O-O-O b5 16. Be2 Qe7 17. Kb1 Nc5 18. c4 f5 19. cxb5 fxe4 20. Ne1 Bf5 21. Bg4
Bh7 22. Qc4+ Kh8 23. Ka1 cxb5 24. Qxb5 Rab8 25. Qa5 e3 26. fxe3 e4 27. Rb1 Qf6
28. Qa3 Na4 29. Nb3 Nc3 30. bxc3 Qxc3+ 31. Rb2 fxe3 32. Kb1 Rf2 33. Rc2 Qa1#
0-1

[Event "Benidorm 2005 - sub2300"]
[Site "Benidorm ESP"]
[Date "2005.11.11"]
[Round "1.5"]
[White "Sanchez Aller, Fernando"]
[Black "Stubberud, Ornulf"]
[Result "0-1"]
[WhiteElo "2274"]
[BlackElo "2095"]
[PlyCount "82"]
[EventDate "2005.11.11"]
[EventType "swiss"]
[EventRounds "9"]
[EventCountry "ESP"]
[Source "lmi"]
[SourceDate "2005.11.11"]

1. e4 c5 2. Nf3 e6 3. d4 cxd4 4. Nxd4 a6 5. Nc3 Qc7 6. g3 Nf6 7. Bg2 Nc6 8. O-O
Bc5 9. Nb3 Be7 10. f4 d6 11. a4 Na5 12. Nxa5 Qxa5 13. Be3 O-O 14. g4 Nd7 15. g5
Re8 16. Rf3 b6 17. Rh3 Rb8 18. Qh5 Nf8 19. Rf1 Qb4 20. f5 exf5 21. exf5 Bxf5
22. Rxf5 g6 23. Qh6 gxf5 24. Nd5 Qg4 25. c4 f4 26. Bxf4 Bd8 27. Rg3 Re1+ 28.
Bf1 Rxf1+ 29. Kxf1 Qd1+ 30. Kg2 Qc2+ 31. Kg1 Qd1+ 32. Kf2 Qc2+ 33. Kg1 Qd1+ 34.
Kg2 Qc2+ 35. Kh3 Qf5+ 36. Rg4 Ne6 37. Kg3 Rc8 38. Bxd6 Rxc4 39. Nf6+ Bxf6 40.
Rxc4 Qd3+ 41. Kf2 Bd4+ 0-1

[Event "Benidorm 2005 - sub2300"]
[Site "Benidorm ESP"]
[Date "2005.11.11"]
[Round "1.6"]
[White "Martin Martin, Luis Vicente"]
[Black "Pribeanu, Dacian"]
[Result "0-1"]
[WhiteElo "2103"]
[BlackElo "2268"]
[PlyCount "134"]
[EventDate "2005.11.11"]
[EventType "swiss"]
[EventRounds "9"]
[EventCountry "ESP"]
[Source "lmi"]
[SourceDate "2005.11.11"]

1. d4 Nf6 2. Nf3 g6 3. Bf4 Bg7 4. e3 d6 5. Be2 O-O 6. h3 Nbd7 7. O-O b6 8. Nbd2
Bb7 9. a4 a5 10. c3 Re8 11. Nc4 Ne4 12. Bh2 d5 13. Nce5 f6 14. Nxd7 Qxd7 15.
Qb3 Kh8 16. Bb5 c6 17. Bd3 Qd8 18. c4 e6 19. Rac1 Ra7 20. Qc2 Nd6 21. c5 bxc5
22. Qxc5 Nc8 23. e4 Bf8 24. Qc2 Bb4 25. e5 f5 26. Bf4 Ba6 27. Rfd1 Bxd3 28.
Rxd3 Rc7 29. Bg5 Qd7 30. Qe2 c5 31. dxc5 Rxc5 32. Rxc5 Bxc5 33. b3 Na7 34. Qd2
Nc6 35. Bf6+ Kg8 36. Nh4 Bf8 37. Rg3 Qf7 38. Nf3 Bg7 39. Ng5 Qd7 40. h4 Nxe5
41. Bxg7 Qxg7 42. h5 h6 43. Nh3 Ng4 44. Qd1 g5 45. f3 Qe5 46. f4 gxf4 47. Rxg4+
fxg4 48. Qxg4+ Qg7 49. Qxf4 Rf8 50. Qd2 Qa1+ 51. Kh2 Qe5+ 52. Kg1 Qa1+ 53. Kh2
Qe5+ 54. Kg1 Qxh5 55. Qe3 e5 56. Qg3+ Kh8 57. Nf2 Rg8 58. Qd3 Qg5 59. Qxd5 Qe3
60. Qf7 Qc1+ 61. Kh2 Qf4+ 62. Qxf4 exf4 63. Nd3 Rg3 64. Nc5 Kg7 65. Nb7 Rxb3
66. Nxa5 Ra3 67. Nc4 Rxa4 0-1

[Event "Benidorm 2005 - sub2300"]
[Site "Benidorm ESP"]
[Date "2005.11.11"]
[Round "1.7"]
[White "Celaya Tapiz, Jose Maria"]
[Black "Fernandez Garcia, Ignacio"]
[Result "1-0"]
[WhiteElo "2267"]
[BlackElo "2098"]
[PlyCount "78"]
[EventDate "2005.11.11"]
[EventType "swiss"]
[EventRounds "9"]
[EventCountry "ESP"]
[Source "lmi"]
[SourceDate "2005.11.11"]

1. e4 e6 2. Nf3 b6 3. d4 Bb7 4. Bd3 d5 5. e5 c5 6. c3 Nc6 7. O-O Be7 8. Be3 h5
9. Qd2 h4 10. h3 Qc7 11. a4 c4 12. Bc2 O-O-O 13. Na3 f6 14. exf6 gxf6 15. Rfe1
a6 16. Bf4 Bd6 17. Bxd6 Qxd6 18. Re2 Kb8 19. Rae1 Bc8 20. Nb1 Nge7 21. b3 cxb3
22. Bxb3 Rdg8 23. Kh1 Ng6 24. Rg1 Nf4 25. Ree1 e5 26. dxe5 fxe5 27. Nxe5 Rf8
28. Nxc6+ Qxc6 29. Qd4 Rhg8 30. a5 b5 31. Re7 Bb7 32. Nd2 Qg6 33. Qe5+ Ka8 34.
Qc7 Qc6 35. Qxc6 Bxc6 36. Kh2 Nd3 37. Nf3 Rg6 38. Bc2 Nf4 39. Bxg6 Nxg6 1-0

[Event "Benidorm 2005 - sub2300"]
[Site "Benidorm ESP"]
[Date "2005.11.11"]
[Round "1.9"]
[White "Cantero Navarro, Antonio"]
[Black "Moreto Quintana, Alex"]
[Result "0-1"]
[WhiteElo "2260"]
[BlackElo "2096"]
[PlyCount "60"]
[EventDate "2005.11.11"]
[EventType "swiss"]
[EventRounds "9"]
[EventCountry "ESP"]
[Source "lmi"]
[SourceDate "2005.11.11"]

1. e4 c5 2. Nf3 d6 3. d4 cxd4 4. Nxd4 Nf6 5. Nc3 g6 6. Be2 Bg7 7. O-O O-O 8.
Bg5 Nc6 9. Nb3 Be6 10. Kh1 Rc8 11. f4 Na5 12. e5 Nxb3 13. axb3 dxe5 14. Qxd8
Rfxd8 15. Rxa7 h6 16. fxe5 hxg5 17. exf6 Bxf6 18. Rxb7 Rd2 19. Bc4 Bxc4 20.
bxc4 Rxc4 21. h3 g4 22. Re1 gxh3 23. g3 Bxc3 24. Rexe7 Ra4 25. Re1 Be5 26. Rb3
Rxc2 27. Rbe3 f6 28. Rd3 Ra2 29. g4 Rh2+ 30. Kg1 Raxb2 0-1

[Event "Benidorm 2005 - sub2300"]
[Site "Benidorm ESP"]
[Date "2005.11.11"]
[Round "1.10"]
[White "Kvisla, Johannes Luangtep"]
[Black "Fenollar Jorda, Manuel"]
[Result "0-1"]
[WhiteElo "2123"]
[BlackElo "2258"]
[PlyCount "60"]
[EventDate "2005.11.11"]
[EventType "swiss"]
[EventRounds "9"]
[EventCountry "ESP"]
[Source "lmi"]
[SourceDate "2005.11.11"]

1. e4 e5 2. Nf3 Nc6 3. Bb5 a6 4. Ba4 Nf6 5. O-O b5 6. Bb3 Bc5 7. d3 d6 8. h3
O-O 9. a4 Rb8 10. Nc3 Be6 11. Nd5 Bxd5 12. exd5 Ne7 13. d4 exd4 14. Nxd4 Qd7
15. axb5 axb5 16. Kh1 Nexd5 17. Bg5 Bxd4 18. Qxd4 c5 19. Qh4 c4 20. Ba2 h6 21.
Bxf6 Nxf6 22. b3 d5 23. bxc4 dxc4 24. c3 Qd2 25. Bb1 Qxc3 26. Ra6 Ra8 27. Rb6
b4 28. Qf4 Rfe8 29. Qf5 Re5 30. Qf4 Nd5 0-1

[Event "Benidorm 2005 - sub2300"]
[Site "Benidorm ESP"]
[Date "2005.11.12"]
[Round "2.1"]
[White "Leburgue, Sylvain"]
[Black "Pallardo Lozoya, Jose Vicente"]
[Result "0-1"]
[WhiteElo "2183"]
[BlackElo "2298"]
[PlyCount "68"]
[EventDate "2005.11.11"]
[EventType "swiss"]
[EventRounds "9"]
[EventCountry "ESP"]
[Source "lmi"]
[SourceDate "2005.11.11"]

1. e4 e6 2. d4 d5 3. Nc3 Bb4 4. e5 c5 5. a3 Ba5 6. b4 cxd4 7. Qg4 Ne7 8. bxa5
dxc3 9. Qxg7 Rg8 10. Qxh7 Nbc6 11. Nf3 Qxa5 12. Qd3 Bd7 13. Rb1 O-O-O 14. Rb3
d4 15. Nxd4 Qxe5+ 16. Be3 Nd5 17. Qb5 Qc7 18. Qe2 Nxe3 19. Qxe3 Nxd4 20. Qxd4
Bc6 21. Qxc3 Rd5 22. f3 Qf4 23. Kf2 Qh4+ 24. g3 Rxg3 25. hxg3 Qxh1 26. Rb1 Qh6
27. Re1 Rd2+ 28. Re2 Qh2+ 29. Ke1 Rxe2+ 30. Bxe2 Qxg3+ 31. Kd1 Qg1+ 32. Kd2
Qg5+ 33. Ke1 Kc7 34. Kf1 e5 0-1

[Event "Benidorm 2005 - sub2300"]
[Site "Benidorm ESP"]
[Date "2005.11.12"]
[Round "2.2"]
[White "Lorente PeÑalba, Diego"]
[Black "Diogo, Vasco"]
[Result "1/2-1/2"]
[WhiteElo "2130"]
[BlackElo "2155"]
[PlyCount "165"]
[EventDate "2005.11.11"]
[EventType "swiss"]
[EventRounds "9"]
[EventCountry "ESP"]
[Source "lmi"]
[SourceDate "2005.11.11"]

1. e4 c5 2. Nf3 e6 3. d4 cxd4 4. Nxd4 Nf6 5. Bd3 Nc6 6. Nxc6 dxc6 7. Nd2 e5 8.
O-O Be6 9. Qe2 Qc7 10. a4 Bc5 11. Kh1 O-O 12. Nc4 Rfe8 13. Bg5 Nd7 14. c3 f6
15. Bd2 Rad8 16. b4 Bf8 17. Ne3 Nb6 18. a5 Nc8 19. Rfd1 Qf7 20. c4 Rd7 21. Bc3
Red8 22. g3 Qg6 23. f3 Nd6 24. Rd2 Qh5 25. Rad1 Nf7 26. Qf2 Ng5 27. Be2 Rxd2
28. Rxd2 Rxd2 29. Bxd2 Qe8 30. Nc2 a6 31. Qe3 Bf7 32. Bc3 Qd7 33. Bd3 Ne6 34.
c5 Be7 35. Be2 Bd8 36. Qd3 Qxd3 37. Bxd3 Bc7 38. Kg2 Kf8 39. Kf2 Ke7 40. Ke3
Bb8 41. Na3 Bc7 42. Nc4 Nd8 43. Kd2 Ne6 44. Ne3 g6 45. Ng2 Ng5 46. Ke3 Be6 47.
Ne1 Nf7 48. Nc2 Bb3 49. Na3 Be6 50. Nc4 Nd8 51. Nd2 Nf7 52. Bc4 Bxc4 53. Nxc4
Ke6 54. Ke2 Ng5 55. Bd2 Nf7 56. Ke3 f5 57. Kd3 Kf6 58. f4 Ke6 59. Bc1 exf4 60.
gxf4 fxe4+ 61. Kxe4 Nh6 62. h3 Nf5 63. Bb2 Ng3+ 64. Kf3 Nh5 65. Be5 Bxe5 66.
fxe5 Kd5 67. Nd6 Kxe5 68. Nxb7 Kd5 69. Nd6 Ng7 70. Kf4 Ne6+ 71. Ke3 Nd4 72. Kd3
Ne6 73. Ne8 h6 74. Nf6+ Ke5 75. Ng4+ Kd5 76. Ne3+ Ke5 77. Ng4+ Kd5 78. Ne3+ Ke5
79. Ng4+ Kd5 80. Nxh6 Nf4+ 81. Ke3 Nxh3 82. Kd3 Ke5 83. Kc4 1/2-1/2

[Event "Benidorm 2005 - sub2300"]
[Site "Benidorm ESP"]
[Date "2005.11.12"]
[Round "2.3"]
[White "Bosque Ortega, Xavier"]
[Black "Ridameya Tatche, Jose"]
[Result "1/2-1/2"]
[WhiteElo "2282"]
[BlackElo "2155"]
[PlyCount "20"]
[EventDate "2005.11.11"]
[EventType "swiss"]
[EventRounds "9"]
[EventCountry "ESP"]
[Source "lmi"]
[SourceDate "2005.11.11"]

1. d4 d5 2. Nf3 Nc6 3. Bf4 Bg4 4. Nbd2 e6 5. c3 Bd6 6. Bg3 Nf6 7. Ne5 Bxe5 8.
dxe5 Nd7 9. Qa4 Bf5 10. e4 Nb6 1/2-1/2

[Event "Benidorm 2005 - sub2300"]
[Site "Benidorm ESP"]
[Date "2005.11.12"]
[Round "2.4"]
[White "Pribeanu, Dacian"]
[Black "Moran Rodriguez, Luciano"]
[Result "1-0"]
[WhiteElo "2268"]
[BlackElo "2136"]
[PlyCount "38"]
[EventDate "2005.11.11"]
[EventType "swiss"]
[EventRounds "9"]
[EventCountry "ESP"]
[Source "lmi"]
[SourceDate "2005.11.11"]

1. e4 c6 2. d3 d5 3. Nd2 e5 4. Ngf3 Bd6 5. g3 Nf6 6. Bg2 O-O 7. O-O dxe4 8.
dxe4 Bc7 9. b3 Bg4 10. h3 Bxf3 11. Qxf3 Nbd7 12. Ba3 Re8 13. Nc4 Qb8 14. Rad1
b5 15. Nd6 Re6 16. Nf5 g6 17. Nh6+ Kh8 18. Nxf7+ Kg7 19. Ng5 Re8 1-0

[Event "Benidorm 2005 - sub2300"]
[Site "Benidorm ESP"]
[Date "2005.11.12"]
[Round "2.5"]
[White "Plaza Pardo, Daniel"]
[Black "Celaya Tapiz, Jose Maria"]
[Result "1/2-1/2"]
[WhiteElo "2136"]
[BlackElo "2267"]
[PlyCount "49"]
[EventDate "2005.11.11"]
[EventType "swiss"]
[EventRounds "9"]
[EventCountry "ESP"]
[Source "lmi"]
[SourceDate "2005.11.11"]

1. e4 e5 2. Nf3 Nc6 3. d4 exd4 4. Nxd4 Bc5 5. Be3 Qf6 6. c3 Nge7 7. Bc4 O-O 8.
O-O Bb6 9. Nc2 d6 10. Bxb6 axb6 11. Ne3 Be6 12. Nd2 Bxc4 13. Ndxc4 b5 14. Nd2
b4 15. Nd5 Nxd5 16. exd5 Ne7 17. Qb3 bxc3 18. Ne4 Qf5 19. Nxc3 b6 20. Qc4 Rfc8
21. Rac1 h5 22. Rfe1 Ng6 23. Re4 Ne5 24. Qe2 Ng4 25. Qc2 1/2-1/2

[Event "Benidorm 2005 - sub2300"]
[Site "Benidorm ESP"]
[Date "2005.11.12"]
[Round "2.6"]
[White "Madina, Martin"]
[Black "Sabater Sanchez, Asensio"]
[Result "1-0"]
[WhiteElo "2262"]
[BlackElo "2125"]
[PlyCount "103"]
[EventDate "2005.11.11"]
[EventType "swiss"]
[EventRounds "9"]
[EventCountry "ESP"]
[Source "lmi"]
[SourceDate "2005.11.11"]

1. e4 Nf6 2. d3 e5 3. f4 Nc6 4. Nf3 d5 5. fxe5 dxe4 6. Bg5 exf3 7. exf6 gxf6 8.
Be3 Qe7 9. Kf2 fxg2 10. Bxg2 Bd7 11. Nc3 O-O-O 12. Qf3 f5 13. h4 Bg7 14. Nd5
Qd6 15. c3 Be6 16. Nf4 Rhe8 17. a4 Kb8 18. Ra3 Ka8 19. a5 a6 20. b4 Bc8 21. Bc5
Qe5 22. Be3 Bh6 23. Rd1 Qd6 24. d4 Rxe3 25. Kxe3 Re8+ 26. Kf2 Qxf4 27. Qxf4
Bxf4 28. b5 axb5 29. a6 Kb8 30. Rb1 b4 31. Ra2 Bd7 32. axb7 Bd6 33. c4 Kxb7 34.
c5 Re4 35. Bxe4 fxe4 36. cxd6 cxd6 37. d5 Ne5 38. Rxb4+ Kc7 39. Rxe4 h5 40.
Ra7+ Kd8 41. Rxe5 dxe5 42. Ke3 f5 43. d6 Bc6 44. Rc7 f4+ 45. Kd3 Bg2 46. Re7
e4+ 47. Kd4 e3 48. Kd3 Bf1+ 49. Ke4 Bh3 50. Kxf4 e2 51. Rxe2 Kd7 52. Ke5 1-0

[Event "Benidorm 2005 - sub2300"]
[Site "Benidorm ESP"]
[Date "2005.11.12"]
[Round "2.7"]
[White "Fenollar Jorda, Manuel"]
[Black "Muelas Cerezuela, Jose"]
[Result "1-0"]
[WhiteElo "2258"]
[BlackElo "2120"]
[PlyCount "47"]
[EventDate "2005.11.11"]
[EventType "swiss"]
[EventRounds "9"]
[EventCountry "ESP"]
[Source "lmi"]
[SourceDate "2005.11.11"]

1. d4 e6 2. Nf3 c5 3. e3 Nf6 4. Bd3 d5 5. c3 Nc6 6. Nbd2 Bd7 7. Ne5 Bd6 8. f4
a6 9. a4 O-O 10. O-O Qa5 11. Rf3 Rfd8 12. Rh3 g6 13. Ndf3 Be8 14. Ng5 Bf8 15.
Ng4 Nxg4 16. Qxg4 h6 17. Nxe6 fxe6 18. Bxg6 Bxg6 19. Qxg6+ Bg7 20. Rxh6 Qc7 21.
Qh7+ Kf8 22. Rf6+ Ke8 23. Qg8+ Kd7 24. Qxe6# 1-0

[Event "Benidorm 2005 - sub2300"]
[Site "Benidorm ESP"]
[Date "2005.11.12"]
[Round "2.9"]
[White "Lacrosse, Marc"]
[Black "Sanchez Barbado, Carlos"]
[Result "1-0"]
[WhiteElo "2233"]
[BlackElo "2118"]
[PlyCount "123"]
[EventDate "2005.11.11"]
[EventType "swiss"]
[EventRounds "9"]
[EventCountry "ESP"]
[Source "lmi"]
[SourceDate "2005.11.11"]

1. d4 f5 2. g3 Nf6 3. Bg2 e6 4. c4 Be7 5. Nf3 d6 6. Nc3 O-O 7. O-O Qe8 8. Re1
Qg6 9. e4 fxe4 10. Nxe4 Nxe4 11. Rxe4 Nc6 12. Qe2 Bf6 13. Bd2 e5 14. dxe5 Nxe5
15. Nxe5 Bxe5 16. Bc3 Bxc3 17. bxc3 c6 18. Rd4 Bf5 19. Qd2 Rf6 20. Re1 Re8 21.
Rxe8+ Qxe8 22. g4 Bc8 23. c5 d5 24. c4 Be6 25. cxd5 cxd5 26. Bxd5 Bxd5 27. Rxd5
Qe4 28. Rd8+ Kf7 29. Qd7+ Kg6 30. Qe8+ Qxe8 31. Rxe8 Ra6 32. Re7 Rxa2 33. Rxb7
a5 34. Kg2 a4 35. Ra7 Rc2 36. Rxa4 Rxc5 37. Ra6+ Kf7 38. h4 Rc7 39. Kg3 Rb7 40.
g5 Rc7 41. h5 Ke7 42. Kg4 Rb7 43. f4 Rc7 44. h6 g6 45. Ra8 Ke6 46. Rh8 Ra7 47.
f5+ gxf5+ 48. Kh5 f4 49. Rxh7 Rxh7 50. g6 f3 51. gxh7 f2 52. h8=Q f1=Q 53. Qe8+
Kd6 54. Kg6 Qd3+ 55. Kg7 Qd4+ 56. Kh7 Qa7+ 57. Kg8 Qg1+ 58. Kf8 Qg5 59. Qb8+
Kd7 60. Qa7+ Kd8 61. Qd4+ Kc7 62. Qg7+ 1-0

[Event "Benidorm 2005 - sub2300"]
[Site "Benidorm ESP"]
[Date "2005.11.12"]
[Round "2.10"]
[White "Goormachtigh, Johan"]
[Black "Herrera Mellado, Luis"]
[Result "1/2-1/2"]
[WhiteElo "2231"]
[BlackElo "2113"]
[PlyCount "95"]
[EventDate "2005.11.11"]
[EventType "swiss"]
[EventRounds "9"]
[EventCountry "ESP"]
[Source "lmi"]
[SourceDate "2005.11.11"]

1. d4 d5 2. c4 c6 3. Nf3 Nf6 4. Nc3 e6 5. Bg5 dxc4 6. e4 b5 7. e5 h6 8. Bh4 g5
9. Nxg5 hxg5 10. Bxg5 Nbd7 11. exf6 Bb7 12. g3 c5 13. d5 Nb6 14. dxe6 Bxh1 15.
e7 Qd7 16. exf8=Q+ Kxf8 17. Qxd7 Nxd7 18. O-O-O Ne5 19. Nxb5 Rxh2 20. Bf4 Nd3+
21. Bxd3 cxd3 22. g4 Rh3 23. Bd6+ Kg8 24. Bxc5 a6 25. Nd4 Rc8 26. b4 Bd5 27.
Nf5 Kh7 28. Ne7 Rd8 29. Nxd5 Rxd5 30. Be3 Kg6 31. g5 Rh4 32. a3 a5 33. bxa5
Rc4+ 34. Kb1 Rb5+ 35. Ka1 Rc3 36. Ka2 Rxa5 37. Bc1 Rc2+ 38. Ka1 Rac5 39. Bd2
Rb5 40. Bb4 Rxf2 41. Rxd3 Rxg5 42. Bd2 Rg1+ 43. Kb2 Rgg2 44. Kc3 Kxf6 45. a4
Rg5 46. Be3 Ra2 47. Kb3 Re2 48. a5 1/2-1/2

[Event "Benidorm 2005 - sub2300"]
[Site "Benidorm ESP"]
[Date "2005.11.13"]
[Round "3.1"]
[White "Pallardo Lozoya, Jose Vicente"]
[Black "Lacrosse, Marc"]
[Result "1-0"]
[WhiteElo "2298"]
[BlackElo "2233"]
[PlyCount "75"]
[EventDate "2005.11.11"]
[EventType "swiss"]
[EventRounds "9"]
[EventCountry "ESP"]
[Source "lmi"]
[SourceDate "2005.11.11"]

1. e4 e5 2. Nf3 Nc6 3. Bb5 a6 4. Ba4 Nf6 5. d3 b5 6. Bb3 Bc5 7. O-O O-O 8. c3
d6 9. Nbd2 Be6 10. Bc2 d5 11. d4 exd4 12. e5 dxc3 13. exf6 Qxf6 14. bxc3 Qxc3
15. Nb3 Bb6 16. Bd2 Qb2 17. Rc1 h6 18. Bc3 Qa3 19. Qd3 g6 20. Nh4 Ne7 21. Qd2
Qd6 22. Qxh6 d4 23. Nxg6 fxg6 24. Bxg6 Rf7 25. Bxf7+ Bxf7 26. Qxd6 cxd6 27.
Bxd4 Bxb3 28. Bxb6 Bxa2 29. Ba5 Bc4 30. Rfe1 Nc6 31. Bc7 d5 32. Rc3 d4 33. Rg3+
Kf7 34. Rf3+ Kg7 35. Re4 Bf7 36. Rg4+ Bg6 37. Rfg3 Ne7 38. Bd6 1-0

[Event "Benidorm 2005 - sub2300"]
[Site "Benidorm ESP"]
[Date "2005.11.13"]
[Round "3.2"]
[White "Rodkin, Rafael"]
[Black "Pribeanu, Dacian"]
[Result "1/2-1/2"]
[WhiteElo "2237"]
[BlackElo "2268"]
[PlyCount "38"]
[EventDate "2005.11.11"]
[EventType "swiss"]
[EventRounds "9"]
[EventCountry "ESP"]
[Source "lmi"]
[SourceDate "2005.11.11"]

1. d4 Nf6 2. Nf3 g6 3. Bg5 Bg7 4. e3 O-O 5. h4 d5 6. Bd3 c6 7. O-O Qb6 8. b3
Re8 9. c4 Ne4 10. Bf4 f6 11. Qc2 Na6 12. cxd5 Nb4 13. Qe2 Nxd3 14. Qxd3 cxd5
15. Nc3 Nxc3 16. Qxc3 Bd7 17. Rfc1 Rac8 18. Qd2 Qe6 19. Qa5 a6 1/2-1/2

[Event "Benidorm 2005 - sub2300"]
[Site "Benidorm ESP"]
[Date "2005.11.13"]
[Round "3.3"]
[White "Tscharotschkin, Michael"]
[Black "Madina, Martin"]
[Result "1/2-1/2"]
[WhiteElo "2216"]
[BlackElo "2262"]
[PlyCount "58"]
[EventDate "2005.11.11"]
[EventType "swiss"]
[EventRounds "9"]
[EventCountry "ESP"]
[Source "lmi"]
[SourceDate "2005.11.11"]

1. e4 e6 2. d4 d5 3. exd5 exd5 4. Bd3 Bd6 5. Nf3 Ne7 6. O-O Bg4 7. Re1 Nbc6 8.
c3 Qd7 9. h3 Bh5 10. Nbd2 Bg6 11. Nf1 O-O 12. Bg5 f6 13. Bh4 Rfe8 14. Bg3 Nd8
15. Bxg6 hxg6 16. Bxd6 Qxd6 17. Qb3 Ne6 18. Ng3 b6 19. Re3 c6 20. Rae1 Nf4 21.
Qd1 Qd7 22. Qd2 g5 23. h4 gxh4 24. Nxh4 g5 25. Nf3 Neg6 26. Qc2 Kf7 27. Rxe8
Rxe8 28. Rxe8 Qxe8 29. Qf5 Qd8 1/2-1/2

[Event "Benidorm 2005 - sub2300"]
[Site "Benidorm ESP"]
[Date "2005.11.13"]
[Round "3.4"]
[White "Van Hoolandt, Patrick"]
[Black "Fenollar Jorda, Manuel"]
[Result "0-1"]
[WhiteElo "2185"]
[BlackElo "2258"]
[PlyCount "108"]
[EventDate "2005.11.11"]
[EventType "swiss"]
[EventRounds "9"]
[EventCountry "ESP"]
[Source "lmi"]
[SourceDate "2005.11.11"]

1. d4 d5 2. c4 c6 3. cxd5 cxd5 4. Nf3 Nc6 5. Nc3 Nf6 6. Bf4 Bf5 7. e3 e6 8. Bb5
Nd7 9. O-O Rc8 10. Qb3 Be7 11. Rfc1 g5 12. Bg3 h5 13. Ba4 Nb6 14. Nb5 O-O 15.
h3 Nxa4 16. Qxa4 a6 17. Nc3 g4 18. hxg4 hxg4 19. Ne5 Nxe5 20. dxe5 Rc4 21. Qd1
d4 22. exd4 Rxd4 23. Qe1 Qa5 24. a3 Rfd8 25. b4 Qb6 26. Qe3 Qc6 27. Ne2 Rc4 28.
Rd1 Rxd1+ 29. Rxd1 Qe4 30. Qxe4 Bxe4 31. Rd4 Rxd4 32. Nxd4 Bg5 33. f3 gxf3 34.
gxf3 Bd5 35. f4 Bd8 36. Kf2 a5 37. Ke3 a4 38. Kd3 f5 39. Bf2 Kf7 40. Be3 Kg6
41. Nb5 Kh5 42. Nc3 Bb3 43. Ne2 Kg4 44. Nd4 Bd5 45. Bc1 Bh4 46. Ne2 Bf2 47. Be3
Bc4+ 48. Kxc4 Bxe3 49. Nc3 Kxf4 50. Kd3 Ba7 51. Nxa4 Kxe5 52. b5 Bd4 53. Kc4 f4
54. Kd3 Kd5 0-1

[Event "Benidorm 2005 - sub2300"]
[Site "Benidorm ESP"]
[Date "2005.11.13"]
[Round "3.6"]
[White "Ridameya Tatche, Jose"]
[Black "Peña, Alfredo"]
[Result "0-1"]
[WhiteElo "2155"]
[BlackElo "2291"]
[PlyCount "84"]
[EventDate "2005.11.11"]
[EventType "swiss"]
[EventRounds "9"]
[EventCountry "ESP"]
[Source "lmi"]
[SourceDate "2005.11.11"]

1. e4 e5 2. Bc4 Nc6 3. Nf3 Bc5 4. c3 Nf6 5. b4 Bb6 6. d3 d6 7. h3 h6 8. Be3 O-O
9. Nbd2 d5 10. exd5 Nxd5 11. Bxb6 axb6 12. Ne4 Bf5 13. Qd2 Nf4 14. O-O-O Nxg2
15. Rdg1 Bxe4 16. dxe4 Nf4 17. Qe3 Qe7 18. Rg4 Kh7 19. Rhg1 g6 20. h4 Nh5 21.
Nh2 Rfd8 22. f4 exf4 23. Rxf4 Nxf4 24. Qxf4 Ne5 25. Ng4 Nxg4 26. Qxg4 Rd6 27.
Rf1 Rf6 28. Re1 Qe5 29. Re3 b5 30. Bb3 Rd8 31. Qe2 Rf4 32. Qe1 Re8 33. Bc2 h5
34. Qd2 c6 35. Kb2 Rxh4 36. Rf3 Qe7 37. Qf2 Rf8 38. e5 Rg4 39. Qe2 Kg7 40. Re3
Re8 41. Bb3 Qg5 42. Qe1 Rg1 0-1

[Event "Benidorm 2005 - sub2300"]
[Site "Benidorm ESP"]
[Date "2005.11.13"]
[Round "3.7"]
[White "Diogo, Vasco"]
[Black "Bosque Ortega, Xavier"]
[Result "1-0"]
[WhiteElo "2155"]
[BlackElo "2282"]
[PlyCount "116"]
[EventDate "2005.11.11"]
[EventType "swiss"]
[EventRounds "9"]
[EventCountry "ESP"]
[Source "lmi"]
[SourceDate "2005.11.11"]

1. e4 c6 2. d4 d5 3. e5 g6 4. Bd3 Nh6 5. Ne2 Bf5 6. Ng3 Bxd3 7. Qxd3 e6 8. Nd2
Nf5 9. Nf3 Qb6 10. O-O Qa6 11. Qd1 Bg7 12. Nxf5 exf5 13. Be3 Nd7 14. Qd2 h6 15.
Nh4 Nf8 16. f4 h5 17. Rf2 Ne6 18. c3 Bf8 19. Qe2 Qxe2 20. Rxe2 b5 21. Nf3 b4
22. Rc2 bxc3 23. Rxc3 Kd7 24. Rac1 Rc8 25. a3 Be7 26. b4 Rc7 27. Nd2 a5 28.
bxa5 Ra8 29. Nb1 Rxa5 30. Kf1 Ra6 31. Rb3 Rca7 32. Rcc3 Nc7 33. Bc1 Nb5 34. Rd3
Ra4 35. Bb2 Bd8 36. Ke2 Ba5 37. Ke3 Rc4 38. Nd2 Rc2 39. Ke2 Nxa3 40. Bxa3 Ra2
41. Bb4 Bb6 42. Bc3 Bc7 43. Rb2 Ra1 44. Nb3 Rh1 45. Nc5+ Kc8 46. h3 Rg1 47. Kf2
Raa1 48. Rdd2 Raf1+ 49. Ke3 Rc1 50. Rdc2 Rcd1 51. Na6 Ra1 52. Nxc7 Kxc7 53. Ra2
Rxa2 54. Rxa2 Kb6 55. Rb2+ Kc7 56. Ba5+ Kc8 57. Bb4 Ra1 58. Bd6 Ra8 1-0

[Event "Benidorm 2005 - sub2300"]
[Site "Benidorm ESP"]
[Date "2005.11.13"]
[Round "3.8"]
[White "Herrera Mellado, Luis"]
[Black "Valmaña Canto, Jaime"]
[Result "1/2-1/2"]
[WhiteElo "2113"]
[BlackElo "2257"]
[PlyCount "102"]
[EventDate "2005.11.11"]
[EventType "swiss"]
[EventRounds "9"]
[EventCountry "ESP"]
[Source "lmi"]
[SourceDate "2005.11.11"]

1. e4 c5 2. Nf3 Nc6 3. d4 cxd4 4. Nxd4 Nf6 5. Nc3 e5 6. Ndb5 d6 7. Nd5 Nxd5 8.
exd5 Ne7 9. c4 Ng6 10. Be3 a6 11. Nc3 Be7 12. Be2 O-O 13. O-O f5 14. f3 Bf6 15.
Rc1 e4 16. f4 Nh8 17. c5 h6 18. Na4 Rb8 19. Qc2 Nf7 20. Nb6 dxc5 21. Bxc5 Nd6
22. Qb3 Be7 23. Rc2 Bd7 24. a4 Kh7 25. Qb4 Be8 26. Rfc1 g5 27. g3 Rg8 28. fxg5
hxg5 29. Nc4 Nc8 30. d6 Bf6 31. Nb6 Bc6 32. Bc4 Rg7 33. Be6 f4 34. Nxc8 Rxc8
35. Bb6 Qf8 36. Bxc8 Qxc8 37. Qxe4+ Kh6 38. Qd3 Qg4 39. Rxc6 bxc6 40. Rxc6 fxg3
41. hxg3 Qxa4 42. Rc2 Qa1+ 43. Qf1 Qxf1+ 44. Kxf1 Rd7 45. Bc7 Be5 46. Re2 Bxd6
47. Re6+ Kg7 48. Bxd6 Kf7 49. Rh6 Kg7 50. Bf8+ Kxf8 51. Rxa6 Rb7 1/2-1/2